Juan Antonio Vallejo-Nágera : la difícil serenidad /

Tallennettuna:
Bibliografiset tiedot
Päätekijä: Claramunt, Fernando (autor)
Aineistotyyppi: Kirja
Kieli:espanja
Julkaistu: Madrid, España : Espasa-Calpe, 1993, c1993
Tagit: Lisää tagi
Ei tageja, Lisää ensimmäinen tagi!

MARC

LEADER 00000nam^a2200000^a^4500
001 000576999
005 20250521000000.0
009 20260310132439.812
020 |a 84-239-2267-7 
037 |a Acervo Xavier Clavigero 
041 |a ESP 
091 |a FIP. 00644 
100 |a Claramunt, Fernando  |e (autor) 
245 1 0 |a Juan Antonio Vallejo-Nágera :  |b la difícil serenidad / 
264 4 |a Madrid, España :  |b Espasa-Calpe,  |c 1993, c1993 
300 |a 286 p. 
336 |a texto  |b txt  |2 rdacontenido 
337 |a sin mediación  |b n  |2 rdamedio 
338 |a volumen  |b nc  |2 rdasoporte 
649 |a XX 
910 |a Fondo Manuel Ignacio Pérez Alonso S.J. 
920 |a Impresos - Libros 
930 |a Fondos Especiales 
905 |a 140 
901 |a 0500404789  |b IT2  |c ESP  |i D  |u 20250521 
902 |a https://opac.biblio.iteso.mx/vufind/Record/000576999